000 00619nam a22001817a 4500
999 _c177235
_d177235
005 20210215165857.0
010 _aENG-128979
020 _c450.00
_a978-81-948200-3-1
035 _aEN-112511
037 _bDBAD/PUB
082 _a305.231
100 _aKapur, Malavika
245 _aParents Beware of the Digital Demon/
_cMalavika Kapur
260 _aNew Delhi
_bVitasta Publishing Pvt. Ltd.
_c2020
270 _bNew Delhi
_a2/15, Ansari Roaad, Daryaganj
_e110002
_minfo@vitastapublishing.com
300 _axiv+204p.
_c22cm(pbk)
_bIncluding Bibliographic References.
942 _2ddc
_cEN
_h305.231
_mKAP